| 000 | 00519cam a22001217a 4500 | ||
|---|---|---|---|
| 008 | 180718b xxu||||| |||| 00| 0 eng d | ||
| 082 | _aR065x54 In2as/1971/2/2 | ||
| 245 |
_aLabour statistics under the annual survey of industries 1971 _cby Labour Bureau, Ministry Of Labour |
||
| 260 |
_a _bGovernment of India . _c |
||
| 300 | _aContents : Library has :1964, 1966,1971,1973-74,1977-78 | ||
| 500 | _aV.2 : Detailed Statewise Report On Food, Beverages And Tobacco Industries | ||
| 700 | _aIndia.Ministry Of Labour. Labour Bureau | ||
| 999 |
_c496113 _d496113 |
||